Most Common Words In English Starting With M - Statistics

General Stats
  • This quiz has been taken 6,035 times
  • The average score is 66 of 139
Answer Stats
Word % Correct
me
99%
man
97%
mad
92%
my
92%
make
91%
more
91%
most
89%
may
86%
mine
86%
miss
85%
mean
84%
meet
81%
map
80%
main
78%
mother
78%
mass
77%
mom
77%
move
77%
must
77%
mark
75%
meat
74%
mess
73%
mode
71%
male
70%
mail
68%
mall
68%
mind
68%
meal
66%
much
66%
many
64%
master
64%
might
64%
money
64%
middle
63%
moon
63%
maybe
62%
marry
61%
milk
60%
meaning
57%
meeting
57%
major
56%
morning
56%
mouse
56%
music
56%
Mr
55%
matter
53%
manage
52%
market
52%
math
52%
minor
51%
mount
51%
maker
50%
match
50%
mix
50%
mouth
49%
Mrs
49%
mask
48%
manager
47%
medical
47%
medicine
47%
model
47%
month
47%
mountain
47%
movement
47%
myself
47%
marriage
46%
massive
46%
million
46%
minute
46%
mood
46%
musical
46%
machine
45%
magazine
44%
mainly
44%
maintain
44%
memory
44%
modern
44%
movie
44%
management
43%
mostly
43%
majority
42%
Ms
42%
mere
41%
message
41%
measure
40%
medium
40%
mention
40%
mystery
40%
mirror
39%
moment
38%
motor
38%
murder
38%
mission
37%
manner
36%
meter
36%
musician
36%
married
35%
maintenance
34%
media
34%
metal
34%
minority
34%
myth
33%
material
31%
motion
31%
muscle
31%
mental
30%
measurement
28%
mistake
28%
mixture
28%
member
27%
marketing
26%
merely
26%
Mexican
26%
missile
26%
miracle
25%
moral
25%
moreover
25%
motivation
25%
mayor
24%
medication
24%
modest
24%
margin
22%
museum
22%
makeup
21%
menu
21%
method
19%
minister
19%
monitor
19%
meanwhile
17%
membership
17%
moderate
17%
manufacturer
15%
manufacturing
15%
mechanism
15%
military
15%
mortgage
12%
multiple
11%
mutual
11%
Muslim
8%
No matching quizzes found
Score Distribution
Percent of People with Each Score
Percentile by Number Answered
Your Score History
You have not taken this quiz